Movies Quiz

Random Movies Quiz
Score 0/12 Timer 03:00
0 Plays Today
Movie (Love Interest) Together? % Correct
Field of Dreams (Amy Madigan)???
90.6%
Robin Hood: Prince of Thieves (Mary Elizabeth Mastrantonio)???
89.1%
Tin Cup (Rene Russo)???
83.6%
Bull Durham (Susan Sarandon)???
77.4%
For Love of the Game (Kelly Preston)???
77.4%
No Way Out (Sean Young)???
73.8%
Dances with Wolves (Mary McDonnell)???
70.1%
The Bodyguard (Whitney Houston)???
67.5%
Rumor Has It ... (Jennifer Aniston)???
65.2%
Message in a Bottle (Robin Wright Penn)???
61%
Open Range (Annette Bening)???
54%
The Upside of Anger (Joan Allen)???
49.1%
Remove Ads.
Support Sporcle.
Get the best of Sporcle when you Go Orange. This ad-free experience offers more features, more stats, and more fun while also helping to support Sporcle. Thank you for becoming a member.

You're not logged in!

Compare scores with friends on all Sporcle quizzes.
OR
Log In

Show Comments

Extras

Top Quizzes Today


Score Distribution

Your Account Isn't Verified!

In order to create a playlist on Sporcle, you need to verify the email address you used during registration. Go to your Sporcle Settings to finish the process.

Report this User

Report this user for behavior that violates our Community Guidelines.

Details: